Dream SMP Quotes - Statistics

General Stats
  • This quiz has been taken 510 times
  • The average score is 5 of 15
Answer Stats
Quote Who said it? % Correct
Down with the revolution, boys. It was never meant to be The_Eret
97%
Tommy... You can't go to the Nether. No-one can come and visit you. Until you learn... To listen. Dream
62%
You thought you could enter the Egg's domain and- and beat it in a battle of power? BadBoyHalo
55%
Do you know what happens to traitors, Tubbo? jschlatt
47%
The ONE good think you've done is, you've brought attachment to the server. Dream
34%
Y'know what, I'm glad! I'm glad you haven't seen the light in a while! This was literally the experience you wanted for the prisoners. awesamdude
33%
Schlatt? He's fucking dead! I've seen his grave, his grave is real, his corpse is there! TommyInnit
30%
You know... as a God of the Ocean... I also have control of the skies! FoolishG
23%
Screw a grave! I built something that you loved, that you wanted to preserve! WilburSoot
19%
I don't need no goddamn Eggs, no goddamn discs, I don't need none of that, Bad. Quackity
17%
And I didn't... I didn't- I didn't hurt anyone. And yet I'm the one who suffers, I'm the one who pays! WilburSoot (Ghostbur)
17%
The reason why so many people hated Tommy is because... Tommy made them think. Ranboo
13%
You fought so hard to get this land back... So hard. Ph1LzA
11%
All of you, NO-ONE here has respected me, you all jump on these merry little bandwagons, of- of destruction! Tubbo_
10%
Don't get me wrong, Tommy has screwed up, time and time again... But he is a CHILD. CapitainPuffy
1%
No matching quizzes found
Score Distribution
Percent of People with Each Score
Percentile by Number Answered
Your Score History
You have not taken this quiz